[Event "Jesenik op"]
[Site "Jesenik"]
[Date "1999.??.??"]
[Round "?"]
[White "Weissmann, L."]
[Black "Tabola, M."]
[Result "1/2-1/2"]
[WhiteElo "1950"]
[BlackElo "2000"]

1.e4 g6 2.d4 Bg7 3.Nc3 c6 4.Be3 d5 5.Qd2 Nf6 6.f3 a6 7.e5 Nfd7 8.Bh6 O-O
9.h4 f6 10.Bxg7 Kxg7 11.f4 e6 12.Nf3 c5 13.h5 cxd4 14.Nxd4 Nc5 15.hxg6 hxg6
16.Bd3 Nc6 17.Nxc6 bxc6 18.O-O-O Rb8 19.Rh3 Rh8 20.Rdh1 Rxh3 21.Rxh3 f5 22.Qe1 d4
23.Qh1 Qg8 24.Ne2 Nxd3+ 25.cxd3 c5 26.Ng3 Bd7 27.Nh5+ gxh5 28.Rg3+ Kh6 29.Rxg8 Rxg8
30.Qh4 Rg6 31.Qd8 Rg7 32.Qh8+ Kg6 33.Qf8 Kh7 34.Qxc5 Rxg2 35.Qxd4 Bc6 36.Qa7+ Kg6
37.Qxa6 Bd5 38.Qc8 Rg1+ 39.Kc2 Rh1 40.Qg8+ Kh6 41.Qg5+ Kh7 42.Kc3 h4 43.Kd4 h3
44.Kc5 Rc1+ 45.Kd6 Rc6+ 46.Ke7 Rc7+ 47.Kf6 Kh8 48.Qh6+ Kg8 49.Qg6+ Kf8 50.Qh6+ Kg8
51.Qg5+ Kh8 52.Qg1 Kh7 53.Qb6 Rb7 54.Qd8 Ra7 55.Qe8 h2  1/2-1/2

[Event "EU-ch02 blind "]
[Site "Krynica"]
[Date "1999.??.??"]
[Round "7"]
[White "Eros, Pal"]
[Black "Khokhlov, Veceslav"]
[Result "1-0"]
[WhiteElo "2105"]
[BlackElo "2275"]

1.e4 c6 2.Nc3 g6 3.d4 Bg7 4.Nf3 d6 5.Bc4 e6 6.O-O Nd7 7.Re1 Nb6 8.Bb3 Ne7
9.Bg5 h6 10.Bh4 g5 11.Bg3 Ng6 12.e5 d5 13.Na4 Nxa4 14.Bxa4 Bd7 15.c3 Qe7
16.Bc2 O-O-O 17.Bxg6 fxg6 18.Qa4 Kb8 19.Nd2 Rdf8 20.Nb3 g4 21.Nc5 Bc8 22.b4 h5
23.Nd3 g5 24.h3 gxh3 25.gxh3 Rf3 26.Re3 Rhf8 27.Kg2 Rxe3 28.fxe3 h4 29.Bh2 Qf7
30.Qd1 Qf5 31.Qe2 Qe4+ 32.Kg1 g4 33.hxg4 Bh6 34.Re1 Bd7 35.Bf4 Qg6 36.Kh2 Be8
37.Rg1 Bg7 38.Nf2 Qh7 39.Nh3 Qg6 40.Bg5 Rh8 41.Rf1 Qe4 42.Bf6 Rg8 43.Ng5 Qg6
44.Nxe6 Bh6 45.g5 Bxg5 46.Nxg5 Bd7 47.Qf2 h3 48.e6 Bc8 49.e7 Ka8 50.Rg1 Qd3
51.Nxh3 Re8 52.Nf4 Qe4 53.Rg5 a6 54.Re5 Qb1 55.Nh5 Bg4 56.Ng7 Rh8+ 57.Bh4 Ka7
58.e8=Q Rxh4+ 59.Qxh4 Qc2+ 60.Kg3  1-0

[Event "Cleopatra op"]
[Site "Mamaia"]
[Date "1999.??.??"]
[Round "6"]
[White "Nemeth, Francisc"]
[Black "Iordachescu, Viorel"]
[Result "0-1"]
[WhiteElo "2280"]
[BlackElo "2539"]

1.e4 g6 2.d4 Bg7 3.Nc3 c6 4.Nf3 d6 5.Be2 Nf6 6.a4 O-O 7.O-O Nbd7 8.h3 Qc7
9.Be3 b6 10.Qd2 Bb7 11.a5 Rad8 12.Rfd1 b5 13.a6 Bc8 14.b4 Nb6 15.d5 Bd7 16.Ra5 e5
17.Bg5 cxd5 18.Bxf6 Bxf6 19.Nxd5 Nxd5 20.exd5 Rb8  0-1

[Event "Miskolc Avas op"]
[Site "Miskolc"]
[Date "1999.??.??"]
[Round "5"]
[White "Simon, Nandor"]
[Black "Kovacs, Tamas"]
[Result "1-0"]
[WhiteElo "2100"]
[BlackElo "2145"]

1.e4 g6 2.d4 Bg7 3.Nc3 c6 4.f4 d5 5.e5 h5 6.g3 Nh6 7.Be3 Bg4 8.Qd2 Nf5 9.Bf2 h4
10.Bg2 e6 11.Nce2 Nd7 12.O-O-O b6 13.Kb1 c5 14.h3 Bxe2 15.Nxe2 hxg3 16.Nxg3 Nxg3
17.Bxg3 Rc8 18.h4 cxd4 19.Qe2 Qc7 20.Rd2 Nc5 21.Rxd4 Bf8 22.h5 gxh5 23.f5 Rg8
24.Bf4 Rh8 25.Re1 a6 26.Bf3 b5 27.Bh2 Na4 28.Bxd5 exd5 29.e6 Qc6 30.Be5 Rh6
31.Bf4 Rh8 32.Rd2 Bh6 33.exf7+ Kxf7 34.Qe7+ Kg8 35.Rg1+ Bg5 36.Rxg5+  1-0

[Event "Mondariz-A"]
[Site "Mondariz"]
[Date "1999.??.??"]
[Round "7"]
[White "Alonso Martinez, Tomas"]
[Black "Lopez Martinez, Jose Manuel"]
[Result "0-1"]
[WhiteElo "2220"]
[BlackElo "2375"]

1.e4 g6 2.d4 Bg7 3.Nc3 c6 4.Be3 d5 5.e5 Qb6 6.Rb1 Nh6 7.Nge2 f6 8.exf6 exf6
9.Ng3 O-O 10.Be2 f5 11.Qd2 Nf7 12.O-O Nd7 13.Na4 Qc7 14.Rfe1 Nf6 15.Nc5 b6
16.Nd3 Ne4 17.Nxe4 fxe4 18.Nf4 Nd6 19.b3 Nf5 20.c4 dxc4 21.Bxc4+ Kh8 22.Ne6 Bxe6
23.Bxe6 Rad8 24.Bf4 Qb7 25.Rxe4 Nxd4 26.Qe3 c5 27.Bc4 Nf5 28.Qe2 b5 29.Be6 Nd4
30.Qe3 Qa6 31.a4 bxa4 32.Bc4 Qb6 33.Bh6 Bxh6 34.Qxh6 Qf6 35.f4 a3 36.Rbe1 Nf5
37.Qh3 a2 38.Re5 Nd4 39.Qc3 Nc6  0-1

[Event "South Wales 3rd"]
[Site "Newport"]
[Date "1999.??.??"]
[Round "5"]
[White "Marusenko, Petr"]
[Black "Webster, Andrew"]
[Result "1/2-1/2"]
[WhiteElo "2405"]
[BlackElo "2425"]

1.e4 g6 2.d4 Bg7 3.Nc3 c6 4.Nf3 d6 5.Be2 Bg4 6.Be3 d5 7.Qd2 a6 8.O-O e6 9.Rfe1 Ne7
10.Bh6 O-O 11.Bxg7 Kxg7 12.Ne5 Bxe2 13.Rxe2 Nd7 14.Rd1 h5 15.Re3 Nf6 16.f3 b5
17.a4 Qb6 18.exd5 cxd5 19.axb5 axb5 20.Ne2 Ra4 21.Rb3 Nc6 22.Nxc6 Qxc6 23.Nf4 Rc8
24.Rc1 Rc4 25.c3 b4 26.Nd3 bxc3 27.Rbxc3 Qb5 28.Ne5 Rxc3 29.Rxc3 Rxc3 30.Qxc3 Qe2
31.h3 h4 32.Qc7 Qe1+  1/2-1/2

[Event "Nigran op 13th"]
[Site "Nigran"]
[Date "1999.??.??"]
[Round "2"]
[White "Reinaldo Castineira, Roi"]
[Black "Prol Nogueira, Iago"]
[Result "1-0"]
[WhiteElo "2325"]
[BlackElo "2045"]

1.e4 g6 2.d4 Bg7 3.Nc3 c6 4.Nge2 d5 5.g3 dxe4 6.Nxe4 Bg4 7.Bg2 Nf6 8.Nxf6+ Bxf6
9.f3 Be6 10.Bh6 Nd7 11.O-O Qa5 12.b4 Qh5 13.Be3 g5 14.b5 Nb6 15.bxc6 bxc6
16.Bf2 Bc4 17.Re1 Nd5 18.Qd2 O-O 19.Nc3 Nxc3 20.Qxc3 Bd5 21.g4 Qg6 22.Qc5 Rab8
23.c4 Be6 24.Rac1 Rfd8 25.Red1 Rdc8 26.Qa5 Kg7 27.Bf1 h5 28.d5 Bd7 29.Qxa7 Be8
30.d6 exd6 31.Rxd6 Rd8 32.Rcd1 Rxd6 33.Rxd6 Rd8 34.gxh5 Qf5 35.Rxd8 Bxd8
36.Qd4+ Bf6 37.Qg4 Qa5 38.h4 Kh6 39.Be3 Qe5 40.hxg5+ Bxg5 41.Qxg5+ Qxg5+
42.Bxg5+ Kxg5 43.c5 Bd7 44.Ba6  1-0

[Event "RUS-ch sf"]
[Site "Novosibirsk"]
[Date "1999.??.??"]
[Round "3"]
[White "Smirnov, Pavel"]
[Black "Efimov, Nikita"]
[Result "1-0"]
[WhiteElo "2422"]
[BlackElo "2224"]

1.e4 g6 2.d4 Bg7 3.Nc3 c6 4.f4 d5 5.e5 h5 6.Be3 Nh6 7.Qd2 Ng4 8.Nd1 Be6 9.Nf3 Nxe3
10.Nxe3 Bh6 11.g3 Qd7 12.Bd3 Na6 13.h4 Nc7 14.Qa5 b6 15.Qc3 Nb5 16.Qb4 a5
17.Qa4 Nc7 18.O-O-O Na6 19.Ng5 Bxg5 20.hxg5 b5 21.Qxa5 Nc7 22.Qc3 Rxa2 23.Kd2 Kf8
24.Rh4 Ra4 25.b3 Ra2 26.g4 Na6 27.b4 c5 28.bxc5 b4 29.Qb3 Ra3 30.Qb2 Qa4
31.Bxa6 Ra2 32.Bb5 Qa5 33.Qb3 Ra3 34.Bd3 Rxb3 35.cxb3 Qa2+ 36.Bc2 Kg7 37.f5 Qb2
38.Ke2 Bd7 39.f6+ exf6 40.gxf6+ Kg8 41.Rd2 Qc3 42.gxh5 Rxh5 43.Rxh5 gxh5
44.Bf5 Bxf5 45.Nxf5 Qxb3 46.Ne3 Qa4 47.Nxd5 b3 48.Kd3 b2 49.Rxb2 Qa3+ 50.Kc2 Qa4+
51.Kc3 h4 52.Ne7+ Kh7 53.c6 Qa3+ 54.Rb3 Qc1+ 55.Kb4 Qd2+ 56.Kc4 Qc2+ 57.Rc3 Qa2+
58.Kd3 h3 59.c7 h2 60.c8=Q Qb1+ 61.Kd2  1-0

[Event "GER-ch U16 Girls"]
[Site "Oberhof"]
[Date "1999.??.??"]
[Round "?"]
[White "Schlosberg, Elisabeth"]
[Black "Gorka, Christiane"]
[Result "1/2-1/2"]
[WhiteElo "1865"]
[BlackElo "1675"]

1.e4 g6 2.d4 Bg7 3.Nc3 c6 4.Nf3 d5 5.h3 Nf6 6.Bd3 dxe4 7.Nxe4 Nxe4 8.Bxe4 Nd7
9.O-O O-O 10.c3 c5 11.Re1 cxd4 12.cxd4 Nf6 13.Bc2 b6 14.Bg5 Bb7 15.Bb3 e6
16.Ne5 Bd5 17.Ng4 Bxb3 18.Qxb3 h5 19.Bxf6 Bxf6 20.Nxf6+ Qxf6 21.Rad1 Rfd8
22.d5 exd5 23.Rxd5 Rxd5 24.Qxd5 Rd8 25.Qe5 Qxe5 26.Rxe5 Rd1+ 27.Kh2 Rd2 28.Re7 a5
29.b3 Rxa2 30.Rb7 Rxf2 31.Rxb6 Rb2 32.Rb5 Kg7 33.Rxa5 Rxb3 34.h4 Rb4 35.g3 Rg4
36.Ra7 g5 37.hxg5 Rxg5 38.Kh3 Kg6 39.Ra6+ f6 40.Rb6 Rc5 41.Kh4 Rc4+ 42.Kh3 Re4
43.Ra6 Kg5 44.Ra8 Re5 45.Rh8 Kg6 46.Rg8+ Kf5 47.Rf8 Kg6  1/2-1/2

[Event "GER-ch U16"]
[Site "Oberhof"]
[Date "1999.??.??"]
[Round "?"]
[White "Liebold, Thomas"]
[Black "Nguyen Hoang"]
[Result "1-0"]
[WhiteElo "2120"]
[BlackElo "1820"]

1.e4 g6 2.d4 Bg7 3.Nc3 c6 4.f4 d5 5.e5 h5 6.Be3 Nh6 7.Be2 Bf8 8.Qd2 Nf5 9.Bf2 e6
10.Nf3 Qa5 11.O-O Qb6 12.Na4 Qc7 13.b3 b5 14.Nb2 Ba3 15.Nd3 a5 16.c3 Be7
17.Rfc1 Nd7 18.a4 bxa4 19.Rxa4 Rb8 20.Qa2 O-O 21.c4 Qb6 22.Rc3 Bd8 23.b4 axb4
24.Rxb4 Qa5 25.Ra3 Qc7 26.Ra7 Rb7 27.Rbxb7 Bxb7 28.cxd5 Qc8 29.dxe6 fxe6
30.Qxe6+ Kg7 31.Nc5 Rf7 32.Rxb7 Re7 33.Rxd7  1-0

[Event "Sutton op"]
[Site "Sutton"]
[Date "1999.??.??"]
[Round "6"]
[White "Cherniaev, Alexander"]
[Black "Webster, Andrew"]
[Result "1/2-1/2"]
[WhiteElo "2466"]
[BlackElo "2430"]

1.e4 g6 2.d4 Bg7 3.Nc3 c6 4.f4 d5 5.e5 h5 6.Nf3 Bg4 7.Be2 e6 8.Be3 Ne7 9.O-O Nd7
10.Bf2 Nf5 11.Qd2 Bf8 12.Na4 a5 13.a3 b5 14.Nc3 Nb6 15.a4 b4 16.Nd1 Be7 17.Ne1 Nc4
18.Qd3 Bxe2 19.Qxe2 Qb6 20.Nf3 c5 21.b3 Na3 22.c3 cxd4 23.Nxd4 Nxd4 24.cxd4 Rc8
25.Ne3 Kd7 26.Rfc1 Rc6 27.Rxc6 Qxc6 28.Be1 Rc8 29.Qd3 Bd8 30.Bd2 Bb6 31.Kf1 Qb7
32.Rd1 Qa7 33.Be1 Kc7 34.Ke2 Kb7 35.Kf1 Qa6 36.Qxa6+ Kxa6 37.Ke2 Nc2 38.Nxc2 Rxc2+
39.Rd2 Rxd2+ 40.Kxd2 Bxd4 41.Bh4 Bg1 42.h3 Bb6 43.Kd3 Kb7 44.g4 hxg4 45.hxg4 Bg1
46.g5 Bh2 47.Ke3 Bg1+ 48.Kd3 Kc6 49.Be1 Kc5 50.Bd2 d4 51.Ke4 Bf2 52.Kf3 Bh4
53.Ke4 Bf2 54.Kf3 Bg1 55.Ke4 Bf2  1/2-1/2

[Event "SVK-chT 9899"]
[Site "SVK"]
[Date "1999.??.??"]
[Round "11"]
[White "Kotan, Ladislav"]
[Black "Motuz, Karol"]
[Result "0-1"]
[WhiteElo "2310"]
[BlackElo "2275"]

1.e4 g6 2.d4 Bg7 3.Nc3 c6 4.Nf3 d5 5.h3 dxe4 6.Nxe4 Nd7 7.Bc4 Ngf6 8.Qe2 Nxe4
9.Qxe4 Nf6 10.Qh4 Bf5 11.Bh6 Bxh6 12.Qxh6 Bxc2 13.O-O Be4 14.Qg7 Rf8 15.Rfe1 Qd6
16.Ng5 Bd5 17.Bxd5 cxd5 18.Rac1 Qf4 19.Nxh7 Nxh7 20.Qxh7 Kd7 21.g3 Qxd4 22.Rcd1 Qf6
23.Qh6 e6 24.Qd2 Rfc8 25.Qb4 b6 26.Qa4+ Kd6 27.Qa3+ Rc5 28.b4 Rc7 29.b5+ Kd7
30.Rd3 Rd8 31.Kg2 Ke8 32.Ree3 d4 33.Re4 Rcd7 34.Rh4 e5 35.Qb4 Qd6 36.Qe1 Qd5+
37.Kh2 Re7 38.Re4 f5 39.Rdxd4 Qxd4 40.Rxd4 exd4 41.Qd2 d3 42.Kg2 Re2 43.Qh6 Rd6
44.Qh8+ Kd7 45.Qb8 Re7 46.Qb7+ Ke8 47.Qc8+ Kf7 48.Qc4+ Kg7 49.Qb4 Rdd7 50.Qd2 Re2
51.Qc3+ Kh7 52.Qc6 Rde7 53.h4 d2 54.h5 gxh5 55.Qf3 d1=Q 56.Qxf5+ Kg7  0-1

[Event "RUS-Cup"]
[Site "Tula "]
[Date "1999.??.??"]
[Round "4"]
[White "Kostin, Alexey"]
[Black "Kotsur, Pavel"]
[Result "0-1"]
[WhiteElo "2393"]
[BlackElo "2499"]

1.e4 g6 2.d4 Bg7 3.Nc3 c6 4.Be3 d5 5.Qf3 dxe4 6.Nxe4 Nd7 7.Bc4 Ngf6 8.Ne2 O-O
9.N2c3 Qa5 10.O-O Qh5 11.Qxh5 Nxh5 12.Rad1 h6 13.Rfe1 b6 14.Be2 f5 15.Bxh5 gxh5
16.Ng3 f4 17.Nxh5 fxe3 18.Rxe3 Rf7 19.Nxg7 Kxg7 20.Rde1 Nf6 21.Rxe7 Bf5 22.Rxf7+ Kxf7
23.Rc1 Rd8 24.Ne2 c5 25.c3 Bc8 26.f3 Ba6 27.Kf2 Nh5 28.Rd1 Bxe2 29.Kxe2 Nf4+
30.Kf2 c4 31.Rd2 Nd3+ 32.Kg3 Re8 33.Kg4 Kg6 34.h4 b5 35.b3 h5+ 36.Kh3 Kf5
37.g4+ Kf4 38.gxh5 Kxf3 39.Kh2 Nf2 40.bxc4 bxc4  0-1

[Event "RUS-Cup"]
[Site "Tula "]
[Date "1999.??.??"]
[Round "8"]
[White "Kostenko, Petr"]
[Black "Poley, Vladimir"]
[Result "1-0"]
[WhiteElo "2468"]
[BlackElo "2386"]

1.e4 g6 2.d4 Bg7 3.Nc3 c6 4.h3 d5 5.Nf3 a6 6.Bd3 Nh6 7.Ne2 O-O 8.O-O b5 9.a4 Bb7
10.exd5 Qxd5 11.Re1 Nd7 12.Bf4 f6 13.Qc1 g5 14.Bh2 Qf7 15.c4 e5 16.Qc2 Bh8
17.dxe5 Nc5 18.Nc3 Nxd3 19.Qxd3 bxc4 20.Qe3 Nf5 21.Qc5 Bc8 22.Rad1 h5 23.exf6 Bxf6
24.Ne5 Qg7 25.Ne4 Nh4 26.Rd6 Be7 27.Qxc4+ Kh8 28.Nxc6 Bxd6 29.Bxd6 Re8 30.Bb4 Be6
31.Qe2 Qh6 32.Bc3+ Kg8 33.Nf6+ Kf8 34.Qe5 Kf7 35.Qc7+ Kg6 36.Ne7+ Rxe7 37.Qxe7 Bf5
38.Qd6 Qf8  1-0

[Event "RUS-ch sf"]
[Site "Ufa"]
[Date "1999.??.??"]
[Round "3"]
[White "Ovetchkin, Roman"]
[Black "Timagin, Piotr"]
[Result "1-0"]
[WhiteElo "2511"]
[BlackElo "2283"]

1.d4 g6 2.e4 Bg7 3.Nc3 c6 4.Nf3 d6 5.Be2 Nf6 6.O-O b5 7.e5 dxe5 8.dxe5 Qxd1
9.Rxd1 Nfd7 10.e6 fxe6 11.Nd4 Nb6 12.Bf3 Bd7 13.a4 b4 14.Ne4 Na6 15.Be2 Nc7
16.Nc5 e5 17.Ndb3 Bf5 18.Na5 Nbd5 19.Nxc6 Bxc2 20.Rd2 Bf5 21.g4 Bc8 22.Bc4 e6
23.Re2 Bf8 24.Nd3 Ba6 25.Ndxe5 Bxc4 26.Nxc4 h5 27.Nd4 hxg4 28.Nxe6 Nxe6 29.Rxe6+ Kf7
30.Ra6 Rh5 31.Be3 Nxe3 32.fxe3 Bc5 33.Rf1+ Kg7 34.Rff6 Rg5 35.Kg2 Rh8 36.Rfe6 Rgh5
37.Rxg6+ Kf7 38.Rxg4 Rxh2+ 39.Kf3 Rc2 40.Ne5+ Ke8 41.Re6+ Kd8 42.Rg7 Rf8+
43.Ke4 b3 44.a5 Rh8 45.Kd5 Ba3 46.Nf7+  1-0

[Event "Mislata op8th"]
[Site "Valencia"]
[Date "1999.??.??"]
[Round "8"]
[White "Torres Sanchez, Jose"]
[Black "Balada Moreno, Jose Luis"]
[Result "1-0"]
[WhiteElo "2210"]
[BlackElo "2285"]

1.e4 g6 2.d4 Bg7 3.Nc3 c6 4.Nf3 d6 5.Be2 Nd7 6.O-O e5 7.dxe5 dxe5 8.Bg5 Ngf6
9.Qd6 Qe7 10.Rfd1 Qxd6 11.Rxd6 h6 12.Bh4 O-O 13.Rad1 Re8 14.Bc4 g5 15.Bg3 Nb6
16.Nxe5 Rxe5 17.Bxe5 Nxc4 18.Bxf6 Nxd6 19.Rxd6 Bxf6 20.Rxf6 Be6 21.Rf3 Bc4
22.b3 Ba6 23.h4 Rd8 24.hxg5 hxg5 25.Na4 b6 26.c4 Rd2 27.Nc3 c5 28.Kf1 Bb7
29.Ke1 Rd4 30.Re3 f5 31.f3 g4 32.Ke2 gxf3+ 33.gxf3 fxe4 34.fxe4 Kf7 35.Rf3+ Ke6
36.Ke3 Rd7 37.Rf8 Rh7 38.Re8+ Kd7 39.Rf8 Ke6 40.Rf3 Rh2 41.Rg3 Rc2 42.Kd3 Rf2
43.Rh3 Rg2 44.Ke3 Rg7 45.Nd5 Kd6 46.Rh6+ Ke5 47.Rh5+ Ke6 48.Kf4 Bc8 49.Rh6+ Kf7
50.Ke5  1-0

[Event "FIN-ch"]
[Site "Vammala"]
[Date "1999.??.??"]
[Round "6"]
[White "Kytoniemi, Jyrki"]
[Black "Vinke, Dietmar"]
[Result "1-0"]
[WhiteElo "2289"]
[BlackElo "2255"]

1.d4 g6 2.e4 Bg7 3.Nc3 c6 4.Be3 d5 5.e5 Qb6 6.Rb1 f6 7.Qd2 fxe5 8.dxe5 Qc7
9.f4 e6 10.Nf3 a6 11.Na4 Nd7 12.Ng5 Nf8 13.Bb6 Qb8 14.Nc5 h6 15.Nf3 Kf7 16.Bd3 Ne7
17.b4 Bd7 18.Qf2 Nc8 19.Bd8 Ne7 20.Bb6 Nc8 21.Bd8 Ne7 22.Bxe7 Kxe7 23.Qh4+ Ke8
24.Qg4 b6 25.Bxg6+ Kd8 26.Nxd7 Nxd7 27.Qxe6 Qc7 28.Nd4 Nb8 29.Qg4 Qb7 30.Ne6+ Ke7
31.Nxg7 Nd7  1-0

[Event "JUG-chT (Women)"]
[Site "Vrnjacka Banja"]
[Date "1999.??.??"]
[Round "2"]
[White "Manakova, Maria"]
[Black "Petrovic, Marija"]
[Result "1/2-1/2"]
[WhiteElo "2349"]
[BlackElo "2281"]

1.e4 g6 2.d4 Bg7 3.Nc3 c6 4.Bc4 d6 5.Be3 a5 6.Qf3 e6 7.d5 Qe7 8.a4 Nd7 9.Ba2 cxd5
10.exd5 e5 11.Nb5 Nb8 12.Bb6 Na6 13.Qa3 Bf8 14.Bxa5 Bd7 15.Bc4 f5 16.Nf3 Rc8
17.Nd2 Nf6 18.Qe3 Kf7 19.b4 f4 20.Qb6 Bf5 21.Na7 Rxc4 22.Nxc4 Nxd5 23.Qb5 Nc3
24.Nc6 Nxb5 25.Nxe7 Nd4 26.Nxf5 Nxc2+ 27.Kd2 Nxa1 28.Nfxd6+ Ke6 29.Nxb7 Nb3+
30.Kd3  1/2-1/2

[Event "Hoogovens-C op"]
[Site "Wijk aan Zee"]
[Date "1999.??.??"]
[Round "2"]
[White "Bertholee, Rob"]
[Black "Oosterom, Erik"]
[Result "1-0"]
[WhiteElo "2410"]
[BlackElo "2270"]

1.Nc3 c6 2.d4 g6 3.e4 Bg7 4.Bc4 Nf6 5.e5 Nd5 6.Qf3 O-O 7.Nxd5 cxd5 8.Bxd5 e6
9.Be4 d6 10.exd6 Qxd6 11.c3 e5 12.dxe5 Qxe5 13.Ne2 Re8 14.Bd5 Re7 15.Bf4 Qf5
16.O-O Nc6 17.Ng3 Qc2 18.Bd6 Ne5 19.Bxe5 Bxe5 20.Rae1 Bf5 21.Re2 Qd3 22.Re3 Qc2
23.Bb3 Qxb2 24.Nxf5 gxf5 25.Rxe5  1-0

[Event "VII Anibal Open"]
[Site "Linares ESP"]
[Date "2000.01.10"]
[Round "4"]
[White "Yagupov,I"]
[Black "Iordachescu,V"]
[Result "0-1"]
[WhiteElo "2449"]
[BlackElo "2553"]

1.e4 g6 2.d4 Bg7 3.Nc3 c6 4.Nf3 d6 5.Be3 Qb6 6.Rb1 Nf6 7.h3 O-O 8.Bd3 Qc7
9.O-O e5 10.Qd2 Re8 11.dxe5 dxe5 12.a4 Nbd7 13.Bc4 Nb6 14.Ba2 Be6 15.Bxe6 Rxe6
16.Qe2 Nh5 17.g3 Ree8 18.b4 Rad8 19.a5 Nc8 20.Na4 b6 21.axb6 axb6 22.c4 Nf6
23.Nd2 b5 24.cxb5 cxb5 25.Nc5 Nd6 26.Rfc1 Qe7 27.Ra1 Ra8 28.Qd3 Kh8 29.Ra3 Rxa3
30.Qxa3 Nh5 31.Na6 Ra8 32.Qa5 f5 33.Qb6 f4 34.Bc5 fxg3 35.Qxd6 Qh4 36.Nf1 g2
37.Ne3 Nf4 38.Nxg2 Qg5 39.Kf1 Qxg2+ 40.Ke1 Qxe4+ 41.Kd2 Qe2+  0-1

[Event "V Ubeda Open"]
[Site "Ubeda ESP"]
[Date "2000.01.22"]
[Round "4"]
[White "Bykhovsky,An"]
[Black "Svetushkin,D"]
[Result "1-0"]
[WhiteElo "2409"]
[BlackElo "2486"]

1.e4 g6 2.d4 Bg7 3.Nc3 c6 4.f4 Qb6 5.Nf3 d5 6.e5 Bg4 7.Be2 Nh6 8.Na4 Qa5+
9.c3 Nd7 10.b4 Qc7 11.Be3 Nf5 12.Bf2 Bxf3 13.Bxf3 h5 14.h3 h4 15.Bg4 e6 16.O-O Bf8
17.Nb2 Be7 18.Nd3 Nb6 19.Qe2 a5 20.a3 Kf8 21.Rfb1 Kg7 22.Ne1 Nc4 23.Nf3 Ng3
24.Bxg3 hxg3 25.Nd2 Nxd2 26.Qxd2 Ra6 27.Qd3 Rha8 28.Qxg3 axb4 29.cxb4 b5
30.Qc3 Qa7 31.Rb3 Bd8 32.Kf2 Qe7 33.Rd1 Bb6 34.g3 f5 35.exf6+ Qxf6 36.Kg2 Ba7
37.h4 Re8 38.Qe3 Bb8 39.Rc3 Re7 40.Qc1 Rea7 41.Re3 Re7 42.Rc3 Rea7 43.Kh3 Bd6
44.Re1 Qxd4 45.Rxe6 Be7 46.f5 c5 47.bxc5 Rxe6 48.fxe6 Bf6 49.Rf3 Rc7 50.c6 Qc4
51.Qe3 Qxc6 52.Qf4 Be7 53.Qf7+ Kh6 54.Bf5  1-0

[Event "Belgian Interteams 1999-2000"]
[Site "Antwerp BEL"]
[Date "2000.01.23"]
[Round "8"]
[White "Van Leeuwen,E"]
[Black "Houdart,R"]
[Result "1/2-1/2"]
[WhiteElo "2121"]
[BlackElo "2091"]

1.e4 g6 2.d4 Bg7 3.Nc3 c6 4.f4 d5 5.e5 Nh6 6.Nf3 Bg4 7.h3 Bxf3 8.Qxf3 Nf5
9.Ne2 Qb6 10.c3 e6 11.g4 Ne7 12.Ng3 c5 13.dxc5 Qxc5 14.Be3 Qc7 15.Bd3 Nd7
16.Bd4 Nc6 17.O-O O-O  1/2-1/2

[Event "Corus Reserve Group"]
[Site "Wijk aan Zee NED"]
[Date "2000.01.26"]
[Round "6"]
[White "Werner,C"]
[Black "Van Geet,D"]
[Result "1/2-1/2"]
[WhiteElo "2314"]
[BlackElo "2346"]

1.e4 g6 2.d4 Bg7 3.Nc3 c6 4.Nf3 d5 5.h3 Nf6 6.Bd3 dxe4 7.Nxe4 Nxe4 8.Bxe4 Nd7
9.c3 O-O 10.Bf4 c5 11.Ne5 cxd4 12.cxd4 Qa5+ 13.Qd2 Qxd2+ 14.Kxd2 Rd8 15.Ke3 Nf6
16.Rhc1 Nxe4 17.Kxe4 Be6 18.Ke3 Rac8 19.g4 Bd5 20.Rc3 e6 21.a3 g5 22.Bh2 f6
23.Nd3 Rxc3 24.bxc3 Rc8 25.Kd2 Bg2 26.Rg1 Bd5 27.Nb4 Bc4 28.Nc2 Bf8 29.Rb1 b5
30.Bg3 a6 31.Ra1 Bb3 32.Ne3 Kf7 33.Rb1 Bc4 34.a4 bxa4 35.Nxc4 Rxc4 36.Rb7+ Ke8
37.Rb8+ Kf7 38.Rb7+ Kg6 39.Rb6 a5 40.Ra6 a3 41.Rxa5 Rxd4+ 42.cxd4 Bb4+ 43.Kc2 Bxa5
44.Bd6 a2 45.Kb2 Bc3+ 46.Kxa2 Bxd4 47.f3 e5 48.Kb3 f5 49.Kc4 Kf6 50.Kd5 Bb2
51.Bc7 Bc3 52.Bd8+ Kg6 53.Ke6 fxg4 54.hxg4 Bb2 55.Be7  1/2-1/2

[Event "Corus Reserve Group"]
[Site "Wijk aan Zee NED"]
[Date "2000.01.28"]
[Round "8"]
[White "Werner,C"]
[Black "Kiseleva,N"]
[Result "1/2-1/2"]
[WhiteElo "2314"]
[BlackElo "2285"]

1.e4 g6 2.d4 Bg7 3.Nc3 c6 4.Bc4 d6 5.Qf3 e6 6.Be3 Ne7 7.Bb3 d5 8.Nge2 Nd7
9.h4 h6 10.g4 b5 11.Ng3 Bb7 12.exd5 Nxd5 13.Bxd5 cxd5 14.Nce2 b4 15.c4 bxc3
16.Nxc3 Ba6 17.Qd1 Nb6 18.b3 Rc8 19.Qd2 Bf8 20.Nce2 Qd7 21.Qa5 Qb5 22.Qxb5+ Bxb5
23.Rc1 Bb4+ 24.Bd2 Rxc1+ 25.Nxc1 Bxd2+ 26.Kxd2 Kd7 27.Nd3 Bxd3 28.Kxd3 Rc8
29.f4 f6 30.Re1 Kd6 31.h5  1/2-1/2

[Event "Corus Reserve Group"]
[Site "Wijk aan Zee NED"]
[Date "2000.01.29"]
[Round "9"]
[White "Barendse,T"]
[Black "Ludden,GJ"]
[Result "0-1"]
[WhiteElo "2198"]
[BlackElo "2263"]

1.e4 g6 2.d4 Bg7 3.Nc3 c6 4.Nf3 d5 5.h3 dxe4 6.Nxe4 Nf6 7.Nxf6+ exf6 8.Bc4 O-O
9.O-O Nd7 10.Re1 Nb6 11.Bb3 a5 12.a3 a4 13.Ba2 Re8 14.Bf4 Be6 15.Bxe6 Rxe6
16.Rxe6 fxe6 17.Qe1 Kf7 18.Bd2 Qd5 19.Rd1 Nc4 20.Bc3 Bh6 21.Qe2 Rd8 22.Re1 b5
23.Nh2 Re8 24.Nf3 Bf4 25.Qe4 Qxe4 26.Rxe4 Bc1 27.b3 Nxa3 28.bxa4 bxa4 29.Re1 Bh6
30.Ra1 Bf8 31.Bb2 Nc4 32.Bc1 a3 33.Kf1 Ra8 34.Ke2 Ra4 35.Kd3 c5 36.c3 cxd4
37.cxd4 Nb6 38.Ne1 Nd5 39.Nc2 a2 40.g3 Bd6 41.Ba3 Be7 42.Bxe7 Kxe7 43.Kd2 Kd6
44.Kc1 Nc3 45.Kb2 Ne4 46.Rxa2 Rxa2+ 47.Kxa2 Nxf2 48.Ne3 Nxh3 49.Kb3 Ng5  0-1

[Event "2nd Novak Nikolic mem"]
[Site "Belgrade YUG"]
[Date "2000.02.04"]
[Round "2"]
[White "Pikula,D"]
[Black "Popchev,M"]
[Result "1-0"]
[WhiteElo "2476"]
[BlackElo "2510"]

1.e4 g6 2.d4 Bg7 3.Nc3 c6 4.Nf3 d6 5.h3 Nf6 6.Be3 O-O 7.Qd2 b5 8.Bd3 Nbd7
9.Ne2 e5 10.c3 d5 11.dxe5 Nxe4 12.Qc2 Ndc5 13.Ned4 Nxd3+ 14.Qxd3 Bd7 15.O-O Re8
16.Bf4 Qb6 17.b4 a5 18.Nb3 Bf5 19.bxa5 Qa7 20.Qd4 c5 21.Qe3 f6 22.e6 Bxe6
23.Nfd2 Bf7 24.Nxe4 Rxe4 25.Qd2 f5 26.Be3 Rc4 27.Rac1 Qc7 28.f3 Rc8 29.Rfe1 Qd6
30.Bf2 Bf6 31.Kh1 Ra4 32.Be3 f4 33.Bg1 g5 34.Rcd1 Rc4 35.Rc1 Bg7 36.Red1 h5
37.Qd3 Qe6 38.Re1 Qf6 39.Nd2 Rxc3 40.Qxb5 Qc6 41.a4 c4 42.a6 Ra3 43.Qxc6 Rxc6
44.a7 Rxa4 45.Rb1 Bc3 46.Re7 Bxd2 47.Bd4 Rc8 48.Rb8 Rf8 49.Re5  1-0

[Event "Extraliga CZE"]
[Site "Ostrava CZE"]
[Date "2000.02.06"]
[Round "9"]
[White "Jurasek,M"]
[Black "Karlik,V"]
[Result "0-1"]
[WhiteElo "2360"]
[BlackElo "2324"]

1.e4 g6 2.d4 Bg7 3.Nc3 c6 4.Bg5 d5 5.exd5 cxd5 6.Qd2 Nc6 7.Bb5 Nf6 8.Nge2 O-O
9.f3 Na5 10.b3 a6 11.Bd3 Nc6 12.Nd1 e5 13.dxe5 Nxe5 14.Nf2 Nxd3+ 15.Nxd3 Re8
16.O-O Qb6+ 17.Kh1 d4 18.Rae1 Bd7 19.Nf2 Nd5 20.Ng4 h5 21.Nh6+ Kh7 22.Nxf7 Be6
23.Nd8 Raxd8 24.Bxd8 Rxd8 25.Nf4 Ne3 26.Nxe6 Qxe6 27.Rf2 Qb6 28.Rfe2 Rc8
29.c4 dxc3 30.Qd7 Rc7 31.Qe8 c2 32.Rc1 Bh6 33.h3 Qb5 34.Rxe3 Qxe8 35.Rxe8 Bxc1  0-1

[Event "Goodricke Open"]
[Site "Calcutta IND"]
[Date "2000.02.12"]
[Round "7"]
[White "Shetty,R"]
[Black "Saravanan,V"]
[Result "0-1"]
[WhiteElo "2307"]
[BlackElo "2412"]

1.d4 g6 2.e4 Bg7 3.Nc3 c6 4.h3 d6 5.f4 e5 6.dxe5 Qh4+ 7.Ke2 dxe5 8.Nf3 Qe7
9.fxe5 Nd7 10.Bg5 f6 11.exf6 Ngxf6 12.Qd4 h6 13.Bxf6 Bxf6 14.Qe3 Ne5 15.Re1 Be6
16.Kd1 Nxf3 17.gxf3 Bh4 18.Re2 Rf8 19.f4 O-O-O+ 20.Rd2 Rxd2+ 21.Qxd2 Bg3
22.Qe3 Bxf4 23.Qxa7 Qb4 24.Qa3 Rd8+ 25.Bd3 Qb6 26.Ne2 Qe3 27.Nxf4 Qf3+ 28.Kd2 Qxf4+
29.Ke2 Qg5 30.Rf1 Bxh3 31.Qa8+ Kc7 32.Rf7+ Bd7 33.Qa7 Qe5 34.b4 Qe8 35.Qa5+ Kb8
36.Rf2 g5 37.a4 Be6 38.Qe5+ Kc8 39.Kd2 Qd7 40.Qa5 Qd4 41.Rf3 g4 42.Re3 g3
43.Qa8+ Kc7 44.Qa5+ Kd7 45.c3 Qf6 46.b5 c5 47.b6 Qg5 48.e5 c4 49.Be4 Ke8+
50.Ke2 g2  0-1

[Event "Petroff Mem Open"]
[Site "St Petersburg RUS"]
[Date "2000.02.13"]
[Round "6"]
[White "Sivokho,S"]
[Black "Chernyshov,K"]
[Result "0-1"]
[WhiteElo "2436"]
[BlackElo "2544"]

1.e4 g6 2.d4 Bg7 3.Nc3 c6 4.f4 d5 5.e5 h5 6.Be3 Nh6 7.Nf3 Bg4 8.h3 Nf5 9.Bf2 Bxf3
10.Qxf3 h4 11.Bd3 e6 12.O-O Nd7 13.Ne2 b5 14.c3 Nb6 15.b3 Bf8 16.Rfc1 Qd7
17.c4 bxc4 18.bxc4 dxc4 19.Bxc4 Be7 20.Ba6 Nd5 21.Rab1 O-O 22.Bb7 Rab8 23.Bxc6 Qxc6
24.Rxc6 Rxb1+ 25.Kh2 Rfb8 26.Nc3 Rf1 27.Qe2 Ra1 28.Nb5 Nxf4 29.Qc4 Nh5 30.Qc3 Rf1
31.Rc8+ Rxc8 32.Qxc8+ Kg7 33.Qc2 Nhg3 34.Bg1 Ra1  0-1

[Event "Goodricke Open"]
[Site "Calcutta IND"]
[Date "2000.02.15"]
[Round "10"]
[White "Konguvel,P"]
[Black "Iordachescu,V"]
[Result "0-1"]
[WhiteElo "2356"]
[BlackElo "2560"]

1.e4 g6 2.d4 Bg7 3.Nc3 c6 4.Bc4 d6 5.Qf3 e6 6.Nge2 Nd7 7.h4 Ngf6 8.Bb3 Qe7
9.Bg5 h6 10.Be3 e5 11.O-O-O a5 12.h5 Nxh5 13.g4 exd4 14.Bxd4 Nhf6 15.Qg3 b5
16.f4 a4 17.e5 dxe5 18.fxe5 axb3 19.exf6 Nxf6 20.cxb3 O-O 21.g5 hxg5 22.Qxg5 Re8
23.Ng3 Ng4 24.Qf4 Bxd4 25.Rxd4 Qf6 26.Qxf6 Nxf6 27.Nge4 Nxe4 28.Nxe4 Kg7
29.Nd6 Re5 30.Rdh4 Rc5+ 31.Kb1 Bf5+ 32.Nxf5+ Rxf5 33.a4 Ra6 34.Kc2 Kf6 35.Kc3 Ke6
36.Re1+ Re5 37.Rxe5+ Kxe5 38.Kb4 bxa4 39.bxa4 g5 40.Rh7 f5 41.Rg7 g4 42.a5 Kf4  0-1